000 01385cam a2200385 i 4500
001 3840
003 KOSZ 005
005 20230126142354.0
008 971010s1988 pl a f |001 0 pol
015 _aPB 1989/1110
020 _a8320410649
040 _aWA N
_cWA N
_dKOSZ 005/HR
046 _k1988
080 _a004.031.43:66/69
100 1 _aPlaza, Roman A.
_eAutor
245 1 0 _aSystemy czasu rzeczywistego /
_cRoman A. Plaza, Eugeniusz J. Wróbel.
260 _aWarszawa :
_bWydawnictwa Naukowo-Techniczne,
_c1988.
300 _a190, [2] s. :
_brys., wykr. ;
_c24 cm.
336 _2rdacontent
_aTekst
_btxt
337 _2rdamedia
_aBez urządzenia pośredniczącego
_bn
338 _2rdacarrier
_aWolumin
_bnc
380 _aKsiążki
388 _a1901-2000
388 _a1989-2000
490 1 _aMikrokomputery.
504 _aBibliogr. s. 188. - Indeks.
650 4 _aSystemy operacyjne czasu rzeczywistego
650 4 _aPrzetwarzanie danych w czasie rzeczywistym
658 _aInformatyka i technologie informacyjne
700 1 _aWróbel, Eugeniusz
_d(1951-2010)
_eAutor
710 2 _aWydawnictwa Naukowo-Techniczne
_4pbl.
830 0 _aMikrokomputery (Wydawnictwa Naukowo-Techniczne)
856 _uhttp://koha.tu.koszalin.pl/cgi-bin/koha/opac-detail.pl?biblionumber=3840
_yKatalog online BPK
942 _2UKD
_cKS
999 _c3840
_d3840